|
|
|
|
| LEADER |
01207nam a22002777a 4500 |
| 001 |
37076 |
| 003 |
BD-DhAAL |
| 005 |
20211111131112.0 |
| 008 |
200218t2016 rm a|||| b||| 001 0 eng d |
| 999 |
|
|
|c 41679
|d 41679
|
| 020 |
|
|
|a 9789730228236
|
| 040 |
|
|
|a BD-DhAAL
|
| 082 |
|
|
|a 005.133
|2 23
|
| 100 |
|
|
|a Mihalcea, Vlad
|9 39338
|
| 245 |
|
|
|a High-performance Java persistence /
|c Vlad Mihalcea
|
| 260 |
|
|
|a Cluj-Napoca, Romania :
|b Vlad Mihalcea,
|c c2016.
|
| 300 |
|
|
|a v, 468 pages :
|b illustrations ;
|c 28 cm.
|
| 504 |
|
|
|a Includes bibliographical references and index.
|
| 526 |
|
|
|a CSE
|
| 541 |
|
|
|a Hye Trade International
|e 37076, 37077
|
| 650 |
|
|
|a Java (Computer program language).
|9 39339
|
| 650 |
|
|
|a Computer science.
|9 39340
|
| 852 |
|
|
|a Ayesha Abed Library
|c General Stacks
|
| 942 |
|
|
|2 ddc
|c BK
|
| 952 |
|
|
|0 0
|1 0
|2 ddc
|4 0
|6 005_133000000000000_MIH
|7 0
|9 67870
|a BRACUL
|b BRACUL
|c GEN
|d 2020-02-09
|e Hye Trade International
|g 6488.00
|l 1
|m 1
|o 005.133 MIH
|p 3010037076
|r 2024-09-03
|s 2024-09-02
|t 1
|v 6488.00
|w 2020-02-09
|y BK
|
| 952 |
|
|
|0 0
|1 0
|2 ddc
|4 0
|6 005_133000000000000_MIH
|7 0
|9 67871
|a BRACUL
|b BRACUL
|c GEN
|d 2020-02-09
|e Hye Trade International
|g 6488.00
|l 0
|o 005.133 MIH
|p 3010037077
|r 2020-02-09
|t 2
|v 6488.00
|w 2020-02-09
|y BK
|